Strengthening the provincial council system: (Record no. 4639)
[ view plain ]
| 000 -LEADER | |
|---|---|
| fixed length control field | 00609nam a2200169 4500 |
| 008 - FIXED-LENGTH DATA ELEMENTS--GENERAL INFORMATION | |
| fixed length control field | 240117b |||||||| |||| 00| 0 eng d |
| 020 ## - ISBN | |
| ISBN | 9789551655396 |
| 082 ## - DEWEY DECIMAL CLASSIFICATION NUMBER | |
| Classification number | 324.954 |
| Item number | CEN |
| 942 ## - ADDED ENTRY ELEMENTS (KOHA) | |
| Item Type | Reports |
| 110 ## - MAIN ENTRY--CORPORATE NAME | |
| Corporate Name | Centre for policy alternatives |
| 700 ## - ADDED ENTRY--PERSONAL NAME | |
| Personal name | Guruge, Lionel |
| Relator Term | editor |
| 245 ## - TITLE STATEMENT | |
| Title | Strengthening the provincial council system: |
| Sub Title | thematic report of workshop deliberations |
| 260 ## - PUBLICATION, DISTRIBUTION, ETC. (IMPRINT) | |
| Place of Publication | Colombo: |
| Name of Publisher | Centre for policy alternatives, |
| Date of Copyright | 2008 |
| 300 ## - PHYSICAL DESCRIPTION | |
| Extent | 127 p. |
| 856 ## - ELECTRONIC LOCATION AND ACCESS | |
| Uniform Resource Identifier | <a href="https://www.cpalanka.org/wp-content/uploads/2008/12/FINAL-REPORT-ON-PCs-2008-May-CPA.pdf">https://www.cpalanka.org/wp-content/uploads/2008/12/FINAL-REPORT-ON-PCs-2008-May-CPA.pdf</a> |
| 650 ## - SUBJECT ADDED ENTRY--TOPICAL TERM | |
| Topical Term | PROVINCIAL COUNCILS-Sri Lanka |
| Withdrawn status | Lost status | Source of classification or shelving scheme | Damaged status | Not for loan | Permanent location | Current location | Date acquired | Total Checkouts | Full call number | Barcode | Date last seen | Price effective from | Koha item type |
|---|---|---|---|---|---|---|---|---|---|---|---|---|---|
| Dewey Decimal Classification | Resource center, Muslim Women's Research And Action Forum | Resource center, Muslim Women's Research And Action Forum | 2024-01-17 | 324.954 CEN | RAF4760 | 2024-01-17 | 2024-01-17 | Reports |

